00422nam a2200181Ia 4500003000400000005001700004008004100021020001900062040000700081041000800088082001500096100001700111245003100128260004000159300000900199650001200208700002000220OSt20260324150625.0250729s2007 xx 000 0 und d a978-8171418060 cAL aeng a930.7 JAMM aJamandlamudi aMethods of teaching civics aNewdelhibDiscover Publishingc2007 a267p aHistory aPrashanth Kumar